[Event "MSR2018s4"]
[Site "?"]
[Date "2018.04.27"]
[Round "9.21"]
[White "Carnecky, Viliam"]
[Black "Petrus, Daniel"]
[Result "1/2-1/2"]
[BlackElo "1122"]
[WhiteElo "1253"]
[LiveChessVersion "1.4.8"]

1. c4 {[%clk 1:30:57]} c5 {[%clk 1:30:22]} 2. Nc3 {[%clk 1:30:56]} Nc6
{[%clk 1:29:50]} 3. Nf3 {[%clk 1:31:00]} Nf6 {[%clk 1:29:49]} 4. e3
{[%clk 1:30:48]} e6 {[%clk 1:29:39]} 5. d4 {[%clk 1:30:44]} cxd4 {[%clk 1:29:40]}
6. exd4 {[%clk 1:30:47]} Bb4 {[%clk 1:29:24]} 7. Bd2 {[%clk 1:31:00]} d5
{[%clk 1:29:00]} 8. c5 {[%clk 1:26:59]} b6 9. Bb5 {[%clk 1:24:55]} Bd7
{[%clk 1:24:31]} 10. Ne5 {[%clk 1:24:52]} Nxe5 {[%clk 1:23:05]} 11. dxe5 Bxb5 12.
exf6 {[%clk 1:22:46]} Bxc3 {[%clk 1:22:50]} 13. Bxc3 {[%clk 1:22:40]} gxf6
{[%clk 1:22:19]} 14. Qf3 {[%clk 1:22:05]} e5 {[%clk 1:21:43]} 15. b3
{[%clk 1:21:14]} bxc5 {[%clk 1:20:51]} 16. a4 {[%clk 1:19:54]} Ba6
{[%clk 1:20:33]} 17. b4 {[%clk 1:19:28]} cxb4 {[%clk 1:19:56]} 18. Bxb4
{[%clk 1:19:37]} d4 {[%clk 1:17:32]} 19. Qg3 {[%clk 1:19:14]} Kd7
{[%clk 1:15:44]} 20. Qg7 {[%clk 1:18:41]} Ke6 {[%clk 1:15:34]} 21. Rc1
{[%clk 1:18:06]} Rc8 {[%clk 1:15:09]} 22. Rxc8 {[%clk 1:16:43]} 1/2-1/2

[Event "MSR2018s4"]
[Site "?"]
[Date "2018.04.27"]
[Round "9.22"]
[White "Magda, Filip"]
[Black "Jura, Michal"]
[Result "0-1"]
[BlackElo "1317"]
[WhiteElo "1197"]
[LiveChessVersion "1.4.8"]

1. e4 {[%clk 1:30:58]} e5 {[%clk 1:30:20]} 2. Nf3 {[%clk 1:30:57]} Nc6
{[%clk 1:30:23]} 3. Bc4 {[%clk 1:30:43]} Bc5 {[%clk 1:30:46]} 4. c3
{[%clk 1:30:36]} Nf6 {[%clk 1:31:10]} 5. d4 {[%clk 1:30:10]} exd4
{[%clk 1:31:30]} 6. e5 {[%clk 1:30:07]} Ne4 {[%clk 1:29:52]} 7. Bd5
{[%clk 1:29:55]} Nxf2 {[%clk 1:28:19]} 8. Kxf2 {[%clk 1:30:08]} dxc3+
{[%clk 1:28:41]} 9. Kf1 {[%clk 1:30:11]} cxb2 {[%clk 1:28:39]} 10. Bxb2
{[%clk 1:30:28]} O-O {[%clk 1:28:55]} 11. Qd2 {[%clk 1:30:06]} b6
{[%clk 1:28:49]} 12. h4 {[%clk 1:29:58]} Ba6+ {[%clk 1:27:29]} 13. Ke1
{[%clk 1:29:26]} Re8 {[%clk 1:27:07]} 14. Na3 {[%clk 1:28:00]} Bb4
{[%clk 1:26:54]} 15. Bc3 {[%clk 1:26:55]} Bxa3 {[%clk 1:27:09]} 16. Ng5
{[%clk 1:26:33]} Nxe5 {[%clk 1:26:09]} 17. Kd1 {[%clk 1:24:19]} Nc4
{[%clk 1:25:44]} 18. Qd4 {[%clk 1:22:48]} Ne3+ {[%clk 1:25:54]} 19. Kd2
{[%clk 1:21:51]} Qf6 {[%clk 1:25:20]} 20. Qa4 {[%clk 1:20:01]} Qf2#
{[%clk 1:25:24]} 0-1

[Event "MSR2018s4"]
[Site "?"]
[Date "2018.04.27"]
[Round "9.23"]
[White "Dujava, Adam"]
[Black "Karapetsas, Athanasios"]
[Result "1-0"]
[BlackElo "1237"]
[WhiteElo "1251"]
[LiveChessVersion "1.4.8"]

1. c4 {[%clk 1:30:58]} e5 {[%clk 1:30:52]} 2. d3 {[%clk 1:31:23]} Nf6
{[%clk 1:31:09]} 3. e4 {[%clk 1:31:44]} Bc5 {[%clk 1:30:40]} 4. Nc3
{[%clk 1:32:07]} Nc6 {[%clk 1:30:19]} 5. Bd2 {[%clk 1:32:17]} O-O
{[%clk 1:28:13]} 6. g3 {[%clk 1:32:19]} h6 {[%clk 1:24:27]} 7. Bg2
{[%clk 1:32:40]} d6 {[%clk 1:23:47]} 8. Nge2 {[%clk 1:33:03]} Be6
{[%clk 1:16:34]} 9. O-O {[%clk 1:33:21]} Qd7 {[%clk 1:15:37]} 10. Qc1
{[%clk 1:33:16]} Kh7 {[%clk 1:00:39]} 11. Kh1 {[%clk 1:33:18]} Ng4
{[%clk 0:57:35]} 12. Be3 {[%clk 1:33:43]} Nxe3 {[%clk 0:55:50]} 13. fxe3
{[%clk 1:31:38]} f5 {[%clk 0:48:29]} 14. Qd2 {[%clk 1:31:13]} fxe4
{[%clk 0:43:38]} 15. Nxe4 {[%clk 1:31:33]} Bb6 {[%clk 0:43:12]} 16. d4
{[%clk 1:30:53]} Bxc4 {[%clk 0:42:10]} 17. d5 {[%clk 1:30:59]} Ne7
{[%clk 0:40:59]} 18. Qc2 {[%clk 1:30:43]} Nf5 {[%clk 0:38:30]} 19. g4
{[%clk 1:28:42]} Nxe3 {[%clk 0:36:43]} 20. Nf6+ {[%clk 1:28:56]} Kh8
{[%clk 0:36:50]} 21. Qh7# {[%clk 1:29:17]} 1-0

[Event "MSR2018s4"]
[Site "?"]
[Date "2018.04.27"]
[Round "9.24"]
[White "Tokarcik, Jan"]
[Black "Sahidi, Sear"]
[Result "1-0"]
[BlackElo "1176"]
[WhiteElo "1343"]
[LiveChessVersion "1.4.8"]

1. e4 {[%clk 1:30:52]} e5 {[%clk 1:30:46]} 2. Nf3 {[%clk 1:31:10]} Nc6
{[%clk 1:30:51]} 3. Bc4 {[%clk 1:30:37]} Bc5 {[%clk 1:31:05]} 4. c3
{[%clk 1:30:59]} d6 {[%clk 1:27:24]} 5. d4 {[%clk 1:29:36]} Bb6 {[%clk 1:24:31]}
6. dxe5 {[%clk 1:28:37]} Nxe5 {[%clk 1:23:36]} 7. Nxe5 {[%clk 1:28:38]} dxe5
{[%clk 1:23:56]} 8. Qxd8+ {[%clk 1:28:53]} Kxd8 {[%clk 1:23:50]} 9. Bxf7
{[%clk 1:28:48]} Nf6 {[%clk 1:24:08]} 10. Bg5 {[%clk 1:27:44]} h6
{[%clk 1:21:30]} 11. Bxf6+ {[%clk 1:24:51]} gxf6 {[%clk 1:21:50]} 12. b4
{[%clk 1:24:14]} a6 {[%clk 1:18:39]} 13. c4 {[%clk 1:24:18]} Ba7 {[%clk 1:18:39]}
14. c5 {[%clk 1:22:10]} a5 {[%clk 1:14:51]} 15. a3 {[%clk 1:21:09]} Rh7
{[%clk 1:09:57]} 16. Bc4 {[%clk 1:20:25]} Rd7 {[%clk 1:09:20]} 17. O-O
{[%clk 1:17:35]} Rd4 {[%clk 1:08:36]} 18. Bb3 {[%clk 1:11:16]} Rxe4
{[%clk 1:08:05]} 19. Nc3 {[%clk 1:10:05]} Rd4 {[%clk 1:05:09]} 20. Rad1
{[%clk 1:09:41]} axb4 {[%clk 1:03:31]} 21. axb4 {[%clk 1:09:35]} c6
{[%clk 1:02:13]} 22. Rxd4+ {[%clk 1:08:53]} exd4 {[%clk 1:02:18]} 23. Rd1
{[%clk 1:09:11]} b6 {[%clk 0:59:35]} 24. Rxd4+ {[%clk 1:07:51]} Bd7
{[%clk 0:59:15]} 25. Be6 {[%clk 1:08:10]} bxc5 {[%clk 0:56:27]} 26. Rxd7+
{[%clk 1:07:23]} Ke8 {[%clk 0:56:21]} 27. bxc5 {[%clk 1:07:13]} Bxc5
{[%clk 0:56:46]} 28. g4 {[%clk 1:07:09]} Bb4 {[%clk 0:56:43]} 29. Ne4
{[%clk 1:07:19]} Kf8 {[%clk 0:56:12]} 30. Nxf6 {[%clk 1:07:26]} c5
{[%clk 0:56:19]} 31. Rf7# {[%clk 1:07:42]} 1-0